00479nam a2200121Ia 4500008004100000245011900041260003100160260000900191300000900200650002600209650001200235856011000247170516s9999 xx 000 0 und d aRadiotherapy pre-treatment dose validation: A second verification of monitor units (MU) with a commercial software bJournal of Medical Physics c2012 a37:4 xRadiologic Technology xRadtech uhttp://www.jmp.org.in/showBackIssue.asp?issn=0971-6203;year=2012;volume=37;issue=4;month=October-December